Cities With the Biggest Economies (Extreme) - Statistics

General Stats
  • This quiz has been taken 316 times
    265 since last reset
  • The average score is 234 of 399
Answer Stats
GDP (US$billions) Country City % Correct
$1,732.00 United States New York
98%
$689.46 United States Chicago
97%
$708.00 United Kingdom London
97%
$18.48 Canada London
97%
$1,048.00 United States Los Angeles
97%
$866.00 France Paris
97%
$1,790.00 Japan Tokyo
97%
$604.00 Russia Moscow
96%
$608.00 China Shanghai
96%
$553.90 China Beijing
95%
$620.60 United States Dallas-Fort Worth
95%
$384.00 South Korea Seoul
95%
$478.78 United States Houston
94%
$781.00 Japan Osaka-Kobe
94%
$209.37 Brazil Rio de Janeiro
94%
$995.00 United States San Francisco
94%
$408.94 Brazil São Paulo
94%
$348.90 Australia Sydney
94%
$405.00 Canada Toronto
94%
$416.00 Argentina Buenos Aires
93%
$377.50 United States Miami
93%
$540.68 United States Washington D.C
93%
$463.57 United States Boston
92%
$290.56 Spain Madrid
92%
$171.99 Germany Berlin
91%
$341.32 (China) Hong Kong
91%
$293.60 India New Delhi
91%
$392.04 United States Seattle
91%
$173.32 Spain Barcelona
90%
$267.73 United States Detroit
90%
$237.00 Turkey Istanbul
90%
$279.33 Australia Melbourne
90%
$304.50 Italy Milan
90%
$444.15 United States Philadelphia
90%
$374.39 - Singapore
90%
$81.80 United Kingdom Birmingham
89%
$62.88 United States Birmingham
89%
$177.00 Australia Brisbane
89%
$212.00 Egypt Cairo
89%
$266.00 Mexico Mexico City
89%
$350.30 Germany Rhine-Ruhr
89%
$166.80 Italy Rome
89%
$154.00 Netherlands Amsterdam
88%
$87.00 Turkey Ankara
88%
$397.26 United States Atlanta
88%
$152.20 Germany Frankfurt
88%
$385.00 China Guangzhou
88%
$200.90 Indonesia Jakarta
88%
$113.70 United Kingdom Manchester
88%
$156.74 Canada Montreal
88%
$310.00 India Mumbai
88%
$327.30 Taiwan Taipei
88%
$137.00 Canada Vancouver
88%
$190.00 Germany München
87%
$255.21 United States Phoenix
87%
$245.14 United States San Diego
87%
$170.00 Sweden Stockholm
87%
$179.00 Russia St. Petersburg
87%
$93.70 Greece Athens
86%
$146.78 United States Austin
86%
$163.00 Colombia Bogotá
86%
$102.67 United Arab Emirates Dubai
86%
$118.72 Ireland Dublin
86%
$66.40 United Kingdom Glasgow
86%
$164.00 Pakistan Karachi
86%
$111.06 Australia Perth
86%
$164.42 United States Portland
86%
$172.00 Iran Tehran
86%
$105.00 Poland Warsaw
86%
$214.16 United States Denver
85%
$138.04 Germany Hamburg
85%
$90.80 Finland Helsinki
85%
$122.42 United States Las Vegas
85%
$88.20 France Lyon
85%
$192.60 Philippines Manila
85%
$263.69 United States Minneapolis / St. Paul
85%
$99.00 Belgium Brussels
84%
$241.00 South Korea Busan
84%
$121.00 South Africa Cape Town
84%
$155.00 Bangladesh Dhaka
84%
$41.80 United Kingdom Edinburgh
84%
$130.00 Portugal Lisbon
84%
$104.10 France Marseille
84%
$160.00 Chile Santiago
84%
$159.00 United States Tampa
84%
$119.00 United Arab Emirates Abu Dhabi
83%
$76.00 South Africa Johannesburg
83%
$74.67 Nigeria Lagos
83%
$123.00 Peru Lima
83%
$167.00 Saudi Arabia Riyadh
83%
$69.00 Netherlands Rotterdam
83%
$133.63 United States San Antonio
83%
$112.00 Austria Vienna
83%
$240.00 China Wuhan
83%
$169.86 United States Charlotte
82%
$49.19 Vietnam Hanoi
82%
$83.16 Vietnam Ho Chi Minh City
82%
$177.80 India Kolkata
82%
$47.80 United Kingdom Liverpool
82%
$62.80 Italy Naples
82%
$138.95 United States Orlando
82%
$71.68 Norway Oslo
82%
$153.30 Israel Tel Aviv
82%
$79.66 New Zealand Auckland
81%
$58.50 Hungary Budapest
81%
$66.84 Canada Edmonton
81%
$59.83 Malaysia Kuala Lumpur
81%
$368.00 Japan Nagoya
81%
$58.98 Canada Ottawa
81%
$31.30 Portugal Porto
81%
$429.00 China Shenzhen
81%
$154.20 China Xian
81%
$61.00 Switzerland Zürich
81%
$46.00 Egypt Alexandria
80%
$147.97 Thailand Bangkok
80%
$70.00 Venezuela Caracas
80%
$134.40 Denmark Copenhagen
80%
$140.76 United States Indianapolis
80%
$132.70 United States Kansas City
80%
$44.80 United Kingdom Leeds
80%
$380.29 United States New Orleans
80%
$76.90 Italy Turin
80%
$63.43 Romania Bucharest
79%
$65.34 Brazil Brasília
78%
$64.00 Czechia Prague
78%
$145.48 United States Sacramento
78%
$94.31 United States Salt Lake City
78%
$169.84 United States St. Louis
78%
$173.50 Germany Stuttgart
78%
$60.27 Spain Valencia
78%
$62.20 Italy Venezia-Padua
78%
$73.00 Algeria Algiers
77%
$77.85 Canada Calgary
77%
$47.00 Morocco Casablanca
77%
$13.00 Tanzania Dar es Salaam
77%
$119.00 Mexico Guadalajara
77%
$83.19 United States Jacksonville
77%
$48.00 Israel Jerusalem
77%
$58.14 Pakistan Lahore
77%
$152.84 United States Pittsburgh
77%
$64.46 Australia Adelaide
76%
$25.00 United Kingdom Belfast
76%
$30.91 Australia Canberra
76%
$135.00 United States Cleveland
76%
$103.73 United States Milwaukee
76%
$332.20 United States Nashville
76%
$84.70 Japan Sapporo
76%
$39.00 Iraq Baghdad
75%
$273.80 China Chengdu
75%
$86.00 India Chennai
75%
$22.00 Poland Krakow
75%
$36.50 Ukraine Kyiv
75%
$331.02 United States San Jose
75%
$63.30 Ethiopia Addis Ababa
74%
$53.60 Belgium Antwerp
74%
$33.70 United Kingdom Cardiff-Newport
74%
$362.00 China Chongqing
74%
$141.05 United States Cincinnati
74%
$181.02 United States Oklahoma City
74%
$20.00 Latvia Riga
74%
$44.67 Spain Seville
74%
$204.00 China Tianjin
74%
$205.31 United States Baltimore
73%
$134.00 United States Columbus
73%
$69.45 Luxembourg / Germany Luxembourg City-Trier
73%
$54.00 Sweden Malmö
73%
$14.80 Kenya Nairobi
73%
$17.40 Serbia Belgrade
72%
$110.00 India Bengaluru
72%
$53.00 United States Buffalo
72%
$32.57 United States El Paso
72%
$83.50 India Hyderabad
72%
$62.00 Turkey Izmir
72%
$76.75 United States Memphis
72%
$157.00 Mexico Monterrey
72%
$32.96 Canada Quebec City
72%
$23.00 Lithuania Vilnius
72%
$88.45 United Kingdom Bristol
71%
$49.70 Uruguay Montevideo
71%
$22.40 Bulgaria Sofia
71%
$42.90 United States Albuquerque
70%
$55.00 Brazil Belo Horizonte
70%
$51.00 Sudan Khartoum
70%
$25.00 DR Congo Kinshasa
70%
$36.00 United Kingdom Newcastle
70%
$11.55 Australia Newcastle
70%
$20.00 Estonia Tallinn
70%
$55.90 France Bordeaux
69%
$43.00 Germany Dresden
69%
$83.30 France Lille
69%
$26.00 (China) Macau
69%
$65.00 Colombia Medellín
69%
$214.70 China Nanjing
69%
$61.30 Japan Hiroshima
68%
$14.00 Belarus Minsk
68%
$92.55 China Xiamen
68%
$58.70 France Toulouse
67%
$94.10 China Harbin
66%
$17.70 United Kingdom Kingston-upon-Hull
66%
$83.67 United States Raleigh
66%
$204.15 China Hangzhou
65%
$69.25 United States Honolulu
65%
$29.00 Angola Luanda
65%
$17.40 United Kingdom Sheffield
65%
$44.88 United States Tucson
65%
$51.50 Germany Hanover
64%
$6.00 Afghanistan Kabul
64%
$72.09 United States Louisville
64%
$164.60 Germany Nürnberg-Fürth
64%
$30.40 Germany Bremen
63%
$33.40 Germany Leipzig-Halle
63%
$13.00 North Korea Pyongyang
63%
$22.81 Brazil Recife
63%
$123.61 Germany / Belgium / Netherlands Aachen-Liège-Maastricht
62%
$185.00 Japan Fukuoka–Kitakyushu
62%
$67.00 Bangladesh Chittagong
61%
$24.00 Ireland Cork
61%
$6.70 Jamaica Kingston
61%
$45.51 Brazil Porto Alegre
61%
$85.79 United States Richmond
61%
$17.98 Brazil Salvador
61%
$71.90 Netherlands Utrecht
61%
$59.00 India Ahmedabad
60%
$36.00 Kazakhstan Almaty
60%
$30.38 Brazil Manaus
60%
$163.50 China Qingdao
60%
$19.80 Greece Thessaloniki
60%
$33.00 Myanmar Yangon
60%
$27.00 Côte d'Ivoire Abidjan
59%
$47.41 United States Fresno
59%
$51.00 France Nantes
59%
$62.76 United States Omaha
59%
$76.00 India Pune
59%
$93.90 China Shenyang
59%
$57.23 United States Tulsa
59%
$49.40 China Ürümqi
59%
$21.70 Brazil Fortaleza
58%
$87.41 United States Providence
58%
$9.60 United Kingdom Southampton
58%
$41.10 Indonesia Surabaya
58%
$100.98 United States Virginia Beach
58%
$109.10 China Dalian
57%
$8.00 Georgia Tbilisi
57%
$36.90 Spain Bilbao
55%
$40.60 Italy Bologna
54%
$59.66 United States Albany
53%
$20.40 Indonesia Bandung
53%
$56.90 South Korea Daegu
53%
$118.68 China Fuzhou
53%
$14.00 Nigeria Kano
53%
$189.00 China Changsha
52%
$22.25 Guyana Georgetown
52%
$26.70 Australia Gold Coast
51%
$99.47 United States Hartford
51%
$63.87 United States Rochester
51%
$5.23 Armenia Yerevan
51%
$38.25 United States Little Rock
50%
$49.51 United States Bakersfield
49%
$50.34 United States Des Moines
49%
$15.86 Canada Halifax
49%
$141.14 China Hefei
49%
$38.00 India Jaipur
49%
$187.11 United States Riverside–San Bernardino
49%
$40.00 India Surat
49%
$32.83 United States Wichita
49%
$58.08 Brazil Curitiba
48%
$72.00 China Kunming
48%
$46.80 United Kingdom Leicester
48%
$51.48 United States Madison
47%
$11.39 Australia Hobart
46%
$52.40 Indonesia Medan
46%
$37.90 Poland Katowice
45%
$31.10 Mexico Puebla
45%
$34.71 United States Springfield
45%
$144.00 China Zhengzhou
45%
$56.32 United States Baton Rouge
44%
$132.93 China Jinan
44%
$39.10 India Lucknow
44%
$61.00 China Nanning
44%
$14.63 Canada Saskatoon
44%
$10.00 Lithuania Kaunas
43%
$12.94 Canada Regina
43%
$34.80 China Shantou
43%
$41.36 United States Syracuse
43%
$253.61 United States New Haven
42%
$90.63 China Wenzhou
42%
$61.70 Japan Sendai
41%
$16.99 United Kingdom Aberdeen
40%
$10.71 Australia Cairns
40%
$96.70 China Changchun
40%
$37.90 Austria Linz
40%
$191.68 China Ningbo
40%
$43.15 United States Greensboro
39%
$15.17 Canada Victoria
39%
$12.30 India Nagpur
37%
$4.93 Canada Saint John
37%
$10.16 Canada St. John's
37%
$40.53 Brazil Campinas
36%
$61.62 United States Grand Rapids
36%
$39.90 United States Harrisburg
36%
$43.31 United States Knoxville
36%
$280.92 China Suzhou
36%
$25.90 United Kingdom Portsmouth
35%
$155.70 China Wuxi
35%
$43.25 United States Dayton
34%
$112.30 China Dongguan
34%
$10.20 Pakistan Faisalabad
34%
$22.76 Brazil Goiânia
34%
$81.25 China Shijiazhuang
34%
$50.93 United States Worcester
33%
$36.80 United States Akron
32%
$89.39 United States Bridgeport
32%
$54.69 United States Durham
32%
$70.80 China Zibo
31%
$39.60 South Korea Daejeon
30%
$84.40 Sweden Göteborg
30%
$36.80 South Korea Gwangju
30%
$26.50 India Indore
30%
$43.12 United States Columbia
29%
$74.10 China Nanchang
29%
$7.40 United Kingdom Coventry
28%
$21.70 India Bhopal
27%
$27.00 India Patna
27%
$27.90 Netherlands Arnhem-Nijmegen
26%
$6.00 Lithuania Klaipėda
26%
$37.70 Indonesia Makassar
26%
$63.10 Japan Okayama
26%
$50.73 China Taiyuan
26%
$141.40 China Foshan
25%
$8.73 Australia Geelong
24%
$21.18 Canada Kitchener
24%
$4.62 Canada Thunder Bay
24%
$17.43 Pakistan Multan
23%
$126.41 China Nantong
23%
$28.61 Brazil Santos
23%
$13.81 Australia Sunshine Coast
23%
$9.08 Australia Townsville
23%
$5.62 Australia Wollongong
23%
$45.02 United States Allentown
22%
$42.00 India Coimbatore
22%
$33.50 Indonesia Palembang
22%
$27.56 United States Huntsville
21%
$41.10 Indonesia Semarang
21%
$43.30 Italy Brescia
20%
$21.00 Pakistan Gujranwala
20%
$49.62 China Hohhot
20%
$67.90 South Korea Ulsan
20%
$28.36 Brazil Vitória
20%
$97.80 China Xuzhou
20%
$98.10 China Changzhou
19%
$37.60 Germany Karlsruhe
19%
$43.30 Japan Niigata
19%
$7.01 Canada Kelowna
17%
$40.80 China Baotou
16%
$5.34 Australia Rockhampton
16%
$45.80 Japan Shizuoka
16%
$108.70 China Yantai
16%
$96.72 China Tangshan
15%
$38.00 China Zhuhai
15%
$4.46 Australia Ballarat
14%
$9.59 Brazil Campo Grande
14%
$11.70 Canada St. Catharines–Niagara Falls
14%
$5.31 Canada Abbotsford
13%
$39.80 Japan Kumamoto
13%
$6.54 Australia Mackay
13%
$6.16 Canada Sherbrooke
13%
$46.43 United States Greenville
12%
$54.30 Japan Hamamatsu
12%
$36.10 France Amiens
11%
$5.70 Canada Barrie
11%
$6.93 Canada Greater Sudbury
11%
$159.63 United States Oxnard
11%
$9.70 Canada Oshawa
10%
$3.70 Canada Peterborough
10%
$4.85 Canada Trois-Rivières
10%
$4.39 Australia Wagga Wagga
10%
$7.32 Canada Guelph
9%
$5.31 Canada Moncton
9%
$38.60 Indonesia Tangerang
9%
$51.10 China Zhongshan
8%
$6.74 Brazil Anápolis
7%
$3.96 Australia Bendigo
7%
$17.30 India Chandigarh
7%
$40.10 Italy Firenze
7%
$3.96 Australia Launceston
7%
$14.73 Brazil Uberlandia
7%
$35.30 Indonesia Batam
6%
$39.70 China Daqing
6%
$7.12 Australia Toowoomba
6%
$4.70 Canada Lethbridge
5%
$21.31 Brazil Sorocaba
4%
$30.15 Brazil São José dos Campos
3%
$4.08 Canada Brantford
2%
$4.46 Australia Gladstone
2%
$20.08 Brazil Jundiaí
2%
$5.36 Brazil Campos dos Goytacazes
1%
$61.89 China Dongying
1%
$72.09 Mexico Tuxtla Gutiérrez
1%
$14.73 Brazil São José dos Pinhais
0%
No matching quizzes found
Score Distribution
Percent of People with Each Score
Percentile by Number Answered
Your Score History
You have not taken this quiz since the last reset